| 000 | 01036cab a2200205 4500 | ||
|---|---|---|---|
| 001 | L129615 | ||
| 008 | 050506n2005 000 0 eng u | ||
| 035 | _a(Sirsi) u129615 | ||
| 041 | _aeng | ||
| 100 | _aShepherd, Mark | ||
| 245 | _aCharitable foundation | ||
| 260 | _c2005 | ||
| 490 |
_aProperty Week _v70(16) 22 April 2005, 68-69 (2) |
||
| 520 | _aDiscusses the Charities and Trust Investments (Scotland) Bill which will allow Scottish charities to invest in commercial property. Charities in England and Wales can already invest in commercial property since the introduction of the Trustee Act 2000. Previously charities were restricted by the trust deed, drawn up at the time of the charity's foundation, could only buy leasehold or freehold property and could not sell with out permission from the Charity Commission nor enter into joint ventures. | ||
| 590 | _aIKA190505 | ||
| 650 | _aTRUSTEE ACT 2000 | ||
| 650 | _aCHARITIES AND TRUST INVESTMENTS (SCOTLAND) BILL | ||
| 690 | _aPROPERTY INVESTMENT MARKET | ||
| 942 | _n0 | ||
| 999 |
_c75182 _d75182 |
||